100 Największych miast w USA - Statystyki

Ogólne statystyki
  • Ten quiz został rozwiązany 196 razy
  • Średni wynik to 33 z 100
Odpowiedzi na mapie
Odpowiedzi zakodowano w zielono-czerwonej skali na mapie do tego quizu, zgodnie z poniższymi procentami.
 
Statystyki odpowiedzi
Populacja Miasto % Poprawnych
3,820,914 Los Angeles
98%
8,258,035 Nowy jork
98%
2,664,452 Chicago
94%
455,924 Miami
93%
653,833 Boston
86%
660,929 Las Vegas
84%
808,988 San Francisco
84%
678,972 Waszyngton
84%
2,314,157 Houston
81%
755,078 Seattle
77%
1,302,868 Dallas
74%
1,550,542 Filadelfia
73%
1,650,070 Phoenix
73%
364,136 Nowy Orlean
71%
341,778 Honolulu
70%
510,823 Atlanta
69%
1,388,320 San Diego
69%
716,577 Denver
65%
633,218 Detroit
65%
879,293 Indianapolis
62%
1,495,295 San Antonio
61%
630,498 Portland
57%
526,384 Sacramento
57%
979,882 Austin
56%
702,767 Oklahoma City
55%
320,742 Orlando
55%
510,704 Kansas City
54%
985,843 Jacksonville
52%
911,311 Charlotte
50%
425,115 Minneapolis
50%
969,655 San Jose
49%
403,364 Tampa
48%
687,788 Nashville
45%
362,656 Cleveland
44%
286,075 Anchorage
40%
913,175 Columbus
40%
618,639 Memphis
40%
565,239 Baltimore
38%
311,097 Cincinnati
37%
561,385 Milwaukee
37%
560,274 Albuquerque
36%
281,754 St. Louis
36%
678,958 El Paso
33%
303,255 Pittsburgh
33%
978,468 Fort Worth
31%
274,678 Buffalo
27%
622,981 Louisville
27%
436,504 Oakland
23%
483,335 Omaha
23%
229,247 Richmond
22%
488,664 Colorado Springs
21%
304,960 Newark
21%
547,239 Tucson
20%
235,421 Boise
19%
449,468 Long Beach
19%
274,915 Reno
17%
545,716 Fresno
16%
294,757 Lincoln
16%
482,295 Raleigh
16%
411,894 Tulsa
16%
396,119 Wichita
16%
316,595 Corpus Christi
13%
280,305 Madison
12%
303,820 St. Paul
12%
340,512 Anaheim
11%
398,431 Arlington
11%
291,657 Jersey City
11%
229,447 Spokane
11%
413,381 Bakersfield
10%
511,648 Mesa
10%
230,930 Norfolk
10%
284,771 North Las Vegas
10%
453,649 Virginia Beach
10%
310,539 Santa Ana
9%
263,553 St. Petersburg
9%
265,304 Toledo
9%
320,154 Lexington
8%
302,296 Greensboro
7%
314,621 Irvine
7%
395,052 Aurora
6%
274,333 Chula Vista
6%
296,186 Durham
6%
337,305 Henderson
6%
266,878 Lubbock
6%
318,858 Riverside
6%
275,411 Gilbert
5%
254,373 Irving
5%
257,602 Laredo
5%
319,543 Stockton
5%
280,167 Chandler
4%
269,994 Fort Wayne
4%
243,470 Garland
4%
253,855 Glendale
4%
225,564 Huntsville
4%
290,190 Plano
4%
245,021 Port St. Lucie
4%
244,394 Scottsdale
4%
226,208 Fremont
3%
252,975 Winston-Salem
3%
253,886 Chesapeake
2%
Nie znaleziono quizów pasujących do podanych kryteriów
Rozkład punktacji
Procent ludzi z każdym wynikiem
Percentyl według liczby udzielonych odpowiedzi
Twoja historia wyników
Nie rozwiązałeś tego quizu